Language Quiz

Random Language or Latin Quiz

Ecce Romani Ch 38 Vocab (Part 1) Quiz Stats

 Plays Quiz not verified by Sporcle

Support Sporcle.
Go Orange.
Score 0/52 Timer 07:00
0 Plays Today
% Correct
rēgīnae
100%
f
80%
1
80%
queen
80%
ruīnae
80%
f
80%
1
80%
collapse, ruin
80%
terrae
80%
f
80%
1
80%
earth, ground, land
80%
annī
80%
m
80%
2
80%
year
80%
discipulī
80%
m
80%
2
80%
student, pupil
80%
maris
80%
n
80%
3
80%
sea
80%
mēnsis
60%
m
60%
% Correct
3
60%
nāvis
60%
f
60%
3
60%
ship
60%
n
60%
3
60%
some
60%
month
40%
f
40%
3
40%
storm
40%
aliquae
40%
aliqua
40%
alta
40%
altum
40%
ōris
20%
mouth, face
20%
tempestātis
20%
tall, high, lofty; deep
20%
īnfanda
20%
īnfandus
20%
unspeakable
0%
intenda
0%
intendum
0%
intent, eager
0%

You're not logged in!

Compare scores with friends on all Sporcle quizzes.
OR
Log In

From the Vault

People Who Witnessed 1492

by Platonicus

But how trustworthy are these so-called witnesses? Pictures, Christopher, or it didn't happen.
Remove Ads.
Support Sporcle.
Get the best of Sporcle when you Go Orange. This ad-free experience offers more features, more stats, and more fun while also helping to support Sporcle. Thank you for becoming a member.

Show Comments

Extras

Top Quizzes Today


Score Distribution

Your Account Isn't Verified!

In order to create a playlist on Sporcle, you need to verify the email address you used during registration. Go to your Sporcle Settings to finish the process.

Report this User

Report this user for behavior that violates our Community Guidelines.

Details: